000 00575nam a22001577a 4500
999 _c60881
_d60881
005 20231114153511.0
008 231114s1969 ru ||||| |||| 00| 0 rus d
041 _arus
080 _a9(38)(093) Г-67
100 _aГорбунова, К.С.
_920358
245 _aДревние греки на острове Березань /
_cК.С. Горбунова.
264 _aЛ.:
_bСоветский художник,
_c1969.
300 _a44 стр.:
_bил.
_c20 см.
653 _aარქეოლოგიური გათხრები
942 _2udc
_cᲬᲘᲒᲜᲘ